000 01312nam2a2200265 i 4500
001 RU\NLR\BIBL_A\011176808
005 20240729072311.0
010 _a9785901415658
021 _aRU
_b2016-51662
_93302
035 _a(NLR Aleph) 011176808
090 _a11796555
_c11796555
100 _a20160715d2016 u y0rusy50 ca
101 0 _arus
102 _aRU
105 _aacb z 000za
200 0 _aТ. 2
210 _d2016
215 _a450, [5] с., [4] л. ил., цв. ил., портр.
_cкарт.
320 _aБиблиогр. в примеч. в конце гл. и в подстроч. примеч.
320 _aДр. работы авт. в конце кн.
461 0 _1001RU\NLR\BIBL_A\011214596
_12001#$aРядом с Учителем Петром Дыновым$eфрагменты автобиографии$fОмраам Микаэль Айванхов$vТ. 2
_1700#1$aАйванхов$bО. М.$f1900-1986$gОмраам Микаэль$3RU\NLR\AUTH\771946
_911989973
_aАйванхов, О. М. (1900-1986)
_cМосква
_d2016
_fОмраам Микаэль Айванхов
_nПросвета
_oфрагменты автобиографии
_tРядом с Учителем Петром Дыновым
_vТ. 2
942 _cBOOK
980 _aNBR